Normal view
MARC view
- BS Information and Communication System Engineering
Entry Topical Term
001 - CONTROL NUMBER
- control field: 55272
003 - CONTROL NUMBER IDENTIFIER
- control field: NUST
005 - DATE AND TIME OF LATEST TRANSACTION
- control field: 20210601125247.0
008 - FIXED-LENGTH DATA ELEMENTS
- fixed length control field: 210601|| aca||aabn | a|a d
040 ## - CATALOGING SOURCE
- Original cataloging agency: NUST
- Transcribing agency: NUST
150 ## - HEADING--TOPICAL TERM
- Topical term or geographic name entry element: BS Information and Communication System Engineering
670 ## - SOURCE DATA FOUND
- Source citation: Work cat.: (NUST): Humad, Ahmed , Hassaan Khan, Muhammd 55271, Electric Power Monitoring Device /, 2012.
